Fenerbahçe Foreign Players (2000-) - Statistics

General Stats
  • This quiz has been taken 204 times
  • The average score is 73 of 131
Answer Stats
Country Position Year(s) Answer % Correct
Brazil 🇧🇷 AM 2004-2012 Alex
95%
Senegal 🇸🇳 CB 2015-2016 Abdoulaye Ba
94%
Bosnia and Herzegovina 🇧🇦 ST 2023- Edin Dzeko
94%
Korea Republic 🇰🇷 CB 2021-2022 Kim Min Jae
88%
Algeria 🇩🇿 ST 2018-2019 Islam Slimani
87%
Belgium 🇧🇪 ST 2022- Michy Batshuayi
85%
Senegal 🇸🇳 ST 2012-2015, 2016-2017 Moussa Sow
84%
Ecuador 🇪🇨 ST 2020-2023 Enner Valencia
83%
Netherlands 🇳🇱 ST 2015-2018 Robin van Persie
81%
Denmark 🇩🇰 CB 2015-2017 Simon Kjaer
81%
Kosovo 🇽🇰 ST 2019-2020 Vedat Muriqi
81%
North Macedonia 🇲🇰 CM 2017-2019 Eljif Elmas
80%
Nigeria 🇳🇬 RB 2021- Bright Osayi Samuel
79%
Greece 🇬🇷 AM 2020-2022 Dimitrios Pelkas
78%
Brazil 🇧🇷 LB 2007-2010 Roberto Carlos
78%
Cameroon 🇨🇲 GK 2017-2019 Carlos Kameni
77%
Netherlands 🇳🇱 RW 2012-2015 Dirk Kuyt
77%
Nigeria 🇳🇬 ST 2011, 2013-2015, 2016-2017 Emmanuel Emenike
77%
Hungary 🇭🇺 CB 2021- Attila Szalai
76%
Brazil 🇧🇷 RW 2006-2010 Deivid
76%
Uruguay 🇺🇾 CB 2006-2011 Diego Lugano
76%
Argentina 🇦🇷 CM 2020-2022 Jose Sosa
76%
Poland 🇵🇱 AM 2023- Sebastian Szymanski
76%
Slovenia 🇸🇮 CM 2019-2020, 2021-2023 Miha Zajc
75%
Chile 🇨🇱 RB 2017-2020 Mauricio Isla
74%
Morocco 🇲🇦 RW 2017-2021 Nabil Dirar
74%
Bosnia and Herzegovina 🇧🇦 ST 1995-2000 Elvir Bolic
73%
Tanzania 🇹🇿 ST 2020-2021 Mbwana Samatta
73%
Portugal 🇵🇹 CM 2021- Miguel Crespo
73%
Argentina 🇦🇷 LW 2020-2021 Diego Perotti
72%
Brazil 🇧🇷 DM 2019-2022 Luiz Gustavo
72%
Algeria 🇩🇿 AM 2018-2019 Yassine Benzia
72%
Scotland 🏴󠁧󠁢󠁳󠁣󠁴󠁿 LW 2023- Ryan Kent
71%
Argentina 🇦🇷 AM 2002-2004 Ariel Ortega
70%
Spain 🇪🇸 ST 2008-2011 Daniel Güiza
70%
Brazil 🇧🇷 CB 2022- Gustavo Henrique
70%
Norway 🇳🇴 ST 2022- Joshua King
70%
Germany 🇩🇪 AM 2019-2020 Max Kruse
70%
Cameroon 🇨🇲 ST 2013-2015 Pierre Webo
70%
Portugal 🇵🇹 CB 2013-2016 Bruno Alves
69%
Brazil 🇧🇷 AM 2022- Lincoln Henrique
69%
Portugal 🇵🇹 RW 2015-2016 Nani
69%
North Macedonia 🇲🇰 LB 2022-2023 Ezgjan Alioski
68%
Portugal 🇵🇹 CM 2012-2016 Raul Meireles
68%
Spain 🇪🇸 ST 2017-2019 Roberto Soldado
68%
Uruguay 🇺🇾 LW 2021- Diego Rossi
67%
Netherlands 🇳🇱 LB 2022- Jayden Oosterwolde
67%
Ghana 🇬🇭 CB 2023- Alexander Djiku
66%
Nigeria 🇳🇬 CB 2010-2014 Joseph Yobo
65%
Serbia 🇷🇸 ST 2006-2008 Mateja Kezman
64%
Bosnia and Herzegovina 🇧🇦 LW 1998-1999, 2000-2001 Elvir Baljic
63%
Brazil 🇧🇷 CB 2022- Luan Peres
63%
Slovakia 🇸🇰 LW 2010-2013, 2016-2017 Miroslav Stoch
63%
Cape Verde 🇨🇻 LW 2019-2020 Garry Rodrigues
62%
Germany 🇩🇪 AM 2021-2022 Mesut Özil
62%
Serbia 🇷🇸 RW 2012-2013, 2014-2015 Milos Krasic
62%
Slovakia 🇸🇰 CB 2016-2019 Martin Skrtel
61%
France 🇫🇷 LW 2017-2019 Mathieu Valbuena
61%
Germany 🇩🇪 ST 2021-2022 Mergim Berisha
61%
Netherlands 🇳🇱 ST 2003-2005 Pierre van Hooijdonk
61%
Ghana 🇬🇭 CM 2005-2008 Stephen Appiah
61%
Brazil 🇧🇷 LB 2009-2011 Andre Santos
60%
Mexico 🇲🇽 CB 2018-2019 Diego Reyes
59%
Brazil 🇧🇷 AM 2017-2018 Giuliano
59%
Netherlands 🇳🇱 RB 2016-2017 Gregory van der Wiel
59%
Brazil 🇧🇷 AM 2014-2016 Diego
58%
Brazil 🇧🇷 ST 2015-2018 Fernandao
58%
Italy 🇮🇹 ST 2022- Joao Pedro
58%
Senegal 🇸🇳 ST 2010-2011 Mamadou Niang
58%
France 🇫🇷 ST 2005-2006 Nicolas Anelka
58%
Russia 🇷🇺 CB 2016-2019 Roman Neustadter
58%
Netherlands 🇳🇱 ST 2017-2018 Vincent Janssen
58%
Brazil 🇧🇷 DM 2022- Willian Arao
58%
DR Congo 🇨🇩 CB 2020-2022 Marcel Tisserand
57%
Brazil 🇧🇷 CB 2006-2009 Edu Dracena
56%
Israel 🇮🇱 AM 2000-2003 Haim Revivo
56%
Brazil 🇧🇷 AM 2009-2014 Cristian Baroni
55%
Senegal 🇸🇳 RW 2010-2012 Issiar Dia
55%
France 🇫🇷 CB 2019-2020 Adil Rami
54%
Chile 🇨🇱 DM 2008-2009 Claudio Maldonado
54%
Brazil 🇧🇷 GK 2015-2017 Fabiano
54%
Brazil 🇧🇷 LB 2004-2005 Fabiano
54%
Netherlands 🇳🇱 RW 2016-2017 Jeremain Lens
54%
Brazil 🇧🇷 DM 2015-2018 Josef
54%
Germany 🇩🇪 CM 2021-2022 Max Meyer
54%
Nigeria 🇳🇬 RW 2019-2020 Victor Moses
54%
Denmark 🇩🇰 CB 2019-2020, 2020-2021 Zanka
54%
Switzerland 🇨🇭 ST 2020-2021 Kemal Ademi
52%
Ghana 🇬🇭 RW 2018-2019 Andre Ayew
51%
Brazil 🇧🇷 CB 2003-2006 Fabio Luciano
50%
Czechia 🇨🇿 LB 2020-2022 Filip Novak
50%
Uruguay 🇺🇾 CB 2020-2021, 2022-2023 Mauricio Lemos
49%
Brazil 🇧🇷 ST 2004-2006 Mert Nobre
49%
Czechia 🇨🇿 LB 2013-2016 Michal Kadlec
49%
Iran 🇮🇷 ST 2019 Allahyar Sayyadmanesh
48%
Switzerland 🇨🇭 ST 2018-2019, 2020 Michael Frey
48%
Serbia 🇷🇸 LW 2015-2016 Lazar Markovic
47%
Senegal 🇸🇳 ST 2020-2021 Papiss Cisse
47%
Cameroon 🇨🇲 ST 2011-2013 Henri Bienvenu
46%
Portugal 🇵🇹 LW 2022-2023 Bruma
45%
Senegal 🇸🇳 LW 2020-2021 Mame Thiam
45%
Switzerland 🇨🇭 LB 2011-2012, 2013 Reto Ziegler
44%
Ukraine 🇺🇦 RB 2017 Oleksandr Karavaev
43%
Morocco 🇲🇦 AM 2016-2019 Aatif Chahechouhe
42%
Brazil 🇧🇷 LB 2007-2010 Gökçek Vederson
42%
Brazil 🇧🇷 DM 2018-2020 Jailson
42%
Germany 🇩🇪 GK 2003 Robert Enke
40%
Brazil 🇧🇷 CB 2009-2012 Fabio Bilica
39%
Portugal 🇵🇹 CB 2017-2018 Luis Neto
39%
Croatia 🇭🇷 AM 2000-2003 Milan Rapaic
36%
Sweden 🇸🇪 CM 2013-2014, 2015-2016 Samuel Holmen
36%
Spain 🇪🇸 DM 2008-2009 Josico
35%
Guinea 🇬🇳 CB 2020 Simon Falette
34%
Sweden 🇸🇪 ST 2000-2002 Kennet Andersson
27%
Ukraine 🇺🇦 CF 2003-2004 Sergiy Rebrov
27%
Romania 🇷🇴 ST 1998-2000 Viorel Moldovan
27%
Ghana 🇬🇭 DM 1999-2003 Samuel Johnson
21%
Serbia 🇷🇸 CB 2000-2002 Misko Mirkovic
20%
Croatia 🇭🇷 CB 2003-2004 Stjepan Tomas
20%
Serbia 🇷🇸 CB 2000-2003 Zoran Mirkovic
20%
Serbia 🇷🇸 RW 2000-2002 Nikola Lazetic
19%
South Africa 🇿🇦 AM 1998-2000 John Moshoeu
18%
Brazil 🇧🇷 ST 2002-2003 Washington
16%
Bulgaria 🇧🇬 LB 2003-2004 Ivaylo Petkov
15%
Switzerland 🇨🇭 DM 1998-2000 Murat Yakin
12%
Russia 🇷🇺 ST 2003 Vladimir Beschastnykh
12%
Serbia 🇷🇸 DM 2002-2004 Miroslav Stevic
8%
Brazil 🇧🇷 DM 2002 Vicente Simao
7%
Guinea 🇬🇳 ST 1999-2000 Souleymane Oulare
6%
Ghana 🇬🇭 CF 1999-2000 Yaw Preko
6%
Portugal 🇵🇹 LB 1998-2000 Dimas
4%
No matching quizzes found
Score Distribution
Percent of People with Each Score
Percentile by Number Answered
Your Score History
You have not taken this quiz